000 00455cam a2200193ua 4500
001 10229
008 171023n ii |||gr||||Z||||||asm
020 _a9789381784525
040 _cMAIN
041 _aasm
082 _a891.4511
100 _aNath, Dipen,
_eAuthor.
245 _aAsamiya kabitar adhyayan
_cBy Dipen Nath
250 _a5th ed.
260 _aJorhat:
_bBidya bhawan,
_c2017.
300 _a190p.
653 _aAssamese poetry
942 _cBK
999 _c9226
_d9226